000
00201nam a2200109Ia 4500
100
_a
#N/A
650
_a
ELECTRONICS
942
_c
BK
245
_a
KALMAN FILTERING
260
_b
#N/A
546
_a
ENGLISH
999
_c
31332
_d
31332